Practical financial Management. (Record no. 1964)

MARC details
005 - DATE AND TIME OF LATEST TRANSACTION
control field 20250505164910.0
020 ## - INTERNATIONAL STANDARD BOOK NUMBER
International Standard Book Number 0-631-14095-6
082 ## - DEWEY DECIMAL CLASSIFICATION NUMBER
Classification number 658.15 DOB
100 ## - MAIN ENTRY--PERSONAL NAME
Author name DOBBINS, R.
245 ## - TITLE STATEMENT
Title Practical financial Management.
260 ## - PUBLICATION, DISTRIBUTION, ETC.
Place of publication, distribution, etc. New York,
Name of publisher, distributor, etc. Basil Blackwell Ltd,
Date of publication, distribution, etc. 1988.
300 ## - PHYSICAL DESCRIPTION
Extent viii, 276p.: Ill.; figures & table
Other physical details Bibliographical references & Index
Dimensions 22cm.
700 ## - ADDED ENTRY--PERSONAL NAME
Other authors/Editors WITT, S. F.
942 ## - ADDED ENTRY ELEMENTS (KOHA)
Source of classification or shelving scheme Dewey Decimal Classification
Koha item type Books
Holdings
Date last seen Total checkouts Full call number Barcode Cost, replacement price Price effective from Koha item type Lost status Source of classification or shelving scheme Damaged status Not for loan Withdrawn status Home library Current library Shelving location Date acquired Cost, normal purchase price
05/05/2025   658.15 DOB 0000007549 30000.00 05/05/2025 Books   Dewey Decimal Classification       College of Business Education Main Library College of Business Education Main Library General Collection 04/07/1991 10000.00
05/05/2025   658.15 DOB 0000007550 30000.00 05/05/2025 Books   Dewey Decimal Classification       College of Business Education Main Library College of Business Education Main Library General Collection 04/07/1991 10000.00